سوچ کا سفر (Record no. 81245)
[ view plain ]
| 000 -LEADER | |
|---|---|
| fixed length control field | 00420nam a22001577a 4500 |
| 005 - DATE AND TIME OF LATEST TRANSACTION | |
| control field | 20160106160321.0 |
| 008 - FIXED-LENGTH DATA ELEMENTS--GENERAL INFORMATION | |
| fixed length control field | 160106b xxu||||| |||| 00| 0 eng d |
| 020 ## - INTERNATIONAL STANDARD BOOK NUMBER | |
| International Standard Book Number | 9698483454 |
| 040 ## - CATALOGING SOURCE | |
| Transcribing agency | PK-LaUMT |
| 082 ## - DEWEY DECIMAL CLASSIFICATION NUMBER | |
| Classification number | MMC 891.4394 |
| Item number | QAS-S |
| 100 ## - MAIN ENTRY--PERSONAL NAME | |
| Personal name | قاسم ثفقی |
| 245 ## - TITLE STATEMENT | |
| Title | سوچ کا سفر |
| Statement of responsibility, etc | قاسم ثفقی |
| 260 ## - PUBLICATION, DISTRIBUTION, ETC. (IMPRINT) | |
| Place of publication, distribution, etc | لاہور |
| Name of publisher, distributor, etc | ملٹی میڈیا افیرز |
| Date of publication, distribution, etc | 2006 |
| 300 ## - PHYSICAL DESCRIPTION | |
| Extent | 168 ص |
| 942 ## - ADDED ENTRY ELEMENTS (KOHA) | |
| Koha item type | Books |
| Withdrawn status | Lost status | Damaged status | Home library | Current library | Date acquired | Full call number | Barcode | Date last seen | Price effective from | Koha item type |
|---|---|---|---|---|---|---|---|---|---|---|
| UMT Main Campus | UMT Main Campus | 2016-01-06 | MMC 891.4394 QAS-S | 95841 | 2016-01-07 | 2016-01-06 | Books | |||
| UMT Main Campus | UMT Main Campus | 2016-01-07 | MMC 891.4394 QAS-S | 95838 | 2022-04-05 | 2016-01-07 | Books | |||
| UMT Main Campus | UMT Main Campus | 2016-01-07 | MMC 891.4394 QAS-S | 95839 | 2016-01-07 | 2016-01-07 | Books | |||
| UMT Main Campus | UMT Main Campus | 2016-01-07 | MMC 891.4394 QAS-S | 95840 | 2016-01-07 | 2016-01-07 | Books |
